000
00286nam a22001337a 4500
008
171020b xxu||||| |||| 00| 0 eng d
020
_a
9781405300261
041
_a
eng
080
_a
338
100
_a
54
101
_a
MEN
245
_a
DEALING WITH E-MAIL
_c
BRAKE,D
942
_2
udc
_c
BK
999
_c
35211
_d
35211